The psychic life of micro-organisms : A study in experimental psychology /

Guardado en:
Detalles Bibliográficos
Autor principal: Binet, Alfred, 1857-1911
Formato: Libro
Lenguaje:English
Publicado: Philadelphia : A. Saifer, 1970.
Materias:
LEADER 00914nam a2200241 i 4500
001 c000306810
003 CARM
005 00000000000000.0
008 840316s1970 pau 0 eng d
019 1 |a 10220940  |5 LACONCORD2021 
035 |a (OCoLC)70780546  |5 LACONCORD2021 
082 0 4 |a 576 
100 1 |a Binet, Alfred,  |d 1857-1911. 
240 1 0 |a Etudes de psychologie experimentale.  |l English 
245 1 4 |a The psychic life of micro-organisms :  |b A study in experimental psychology /  |c by Alfred Binet. 
260 |a Philadelphia :  |b A. Saifer,  |c 1970. 
300 |a 120 p. 
500 |a Photoreprint of 1888 ed. 
650 0 |a Microorganisms. 
650 0 |a Psychology, Comparative. 
852 8 |b CARM  |h A2:AB33h0  |i B10703  |p 0504566  |f BK 
999 f f |i c220e4e2-cfcc-58c3-b486-0a61ec2cd6f4  |s 5128e712-1e10-5195-8338-00e6bfb9b96a 
952 f f |p Can circulate  |a CAVAL  |b CAVAL  |c CAVAL  |d CARM 1 Store  |e B10703  |f A2:AB33h0  |h Other scheme  |i book  |m 0504566